| 000 | 00833nam a2200265 i 4500 | ||
|---|---|---|---|
| 001 | 66718 | ||
| 003 | ES-MaACL | ||
| 005 | 20250802062536.0 | ||
| 007 | t| | ||
| 008 | 030505s2003 sp ||||0| spa d | ||
| 020 | _a84-339-6191-9 | ||
| 040 |
_aM-BN _bspa _cM-BN |
||
| 080 | _a82(082.2) | ||
| 245 | 0 | 0 |
_aRelatos y poemas para niños extremadamente inteligentes de todas las edades / _cedición de Harold Bloom ; traducción de Damián Alou. |
| 260 |
_aBarcelona : _bAnagrama, _c[2003] |
||
| 300 |
_a694 p. ; _c22 cm. |
||
| 490 | 1 |
_aPanorama de narrativas ; _v531 |
|
| 650 | 7 |
_aLiteratura _2embne _9141583 |
|
| 700 | 1 |
_aBloom, Harold. _929559 |
|
| 700 | 1 |
_aAlou, Damián. _920453 |
|
| 830 | 0 | 0 |
_aPanorama de narrativas _v531 _9123642 |
| 852 |
_aES-MaACL _jL-27208 _bR.132834 |
||
| 999 |
_c66718 _d66718 |
||